Регионална библиотека "Любен Каравелов" - Русе

Етнографски и фолклористични изследвания (Запис номер 185489)

MARC детайли
000 -Лидер
Контролно поле с фиксирана дължина 01443nam a2200325 c 4500
003 - Код на организацията, давaща контролен номер
Контролно поле BLK
005 - Дата и час на последна редакция
Контролно поле 20180422115421.0
008 - Елементи от данни с фиксирана дължина
fixed length control field 180411b bul|||||r ||||||| ||bul||
010 ## - Наследен системен номер
LC control number KNG00194482000
040 ## - Източник на каталожния запис
Идентификатор на билиотеката - собственик на записа BLK
041 ## - Код за език
Код за езика на текст/звукозапис или на отделно заглавие Български
Код за езика КДБФ Български
080 ## - УДК
Текстов определител УДК Етнология. Етнография. Нрави. Обичаи. Бит. Фолклористика. Вж и 572 ; 903 ; 904
УДК код - определител по УДК 39
УДК определител
УДК - код + определител 39
080 ## - УДК
Текстов определител УДК Фолклор (в тесен смисъл)
УДК код - определител по УДК 398
УДК определител
УДК - код + определител 398
139 ## - Редно поле
Редна дума Етнографски и фолклористични изследвания
Авторски знак Ет - Е 94
245 10 - Сведения за заглавието
Заглавие Етнографски и фолклористични изследвания
Подзаглавни данни В чест на Христо Вакарелски по случай 80-год. от рождението му
Редно поле (дума) под ред. на Лиляна Димитрова Богданова.
257 ## - Страна на издаване
Страна на създаване/издаване България
260 ## - Област на издателските данни
-- София
Име на издателя, разпространителя и проч. БАН
Година на издаване 1979
300 ## - Физическа характеристика
Страници 306 с.
Илюстрации и др. с ил., ноти, 1 л. портр.
Размери/Мащаб 25 см
380 ## - Жанр
Жанр Обществени науки
500 ## - Общи забележки
Забележка 800 тир.
600 14 - Име на лице, използвано като предмет
За него / За нея Вакарелски, Христо Томов
9 (RLIN) 374652
650 #4 - Допълнително описание по предмет – тема
Основно описание – тема или топоним Етнография
9 (RLIN) 155169
650 #4 - Допълнително описание по предмет – тема
Основно описание – тема или топоним Народно творчество
9 (RLIN) 286836
700 1# - Други автори (авторска отговорност)
Лично име Богданова, Лиляна Димитрова
Автороска отговорност (Описва отношението между автора и произведението) под ред. на
9 (RLIN) 384277
852 ## - Местоположение
Форматна сигнатура Цб 101395
856 4# - Електронен адрес и достъп
Електронен формат pdf - файл
Път до файла /url/
856 4# - Електронен адрес и достъп
Електронен формат pdf - файл
Път до файла /url/
942 ## - АРТИКУЛИ
Вид на библиотечния материал Книги
Скрит в OPAC Не
944 ## - СЪЗДАВАНЕ И РЕДАКЦИЯ на ЗАПИСА
Създаване/Редакция Създаване
Дата на регистрацията/редакция 25.10.2016
Служител, извършил регистрацията/редакцията Правда_Бадева
944 ## - СЪЗДАВАНЕ И РЕДАКЦИЯ на ЗАПИСА
Създаване/Редакция Редакция
Дата на регистрацията/редакция 25.10.2016
Служител, извършил регистрацията/редакцията Правда_Бадева
999 ## - СИСТЕМНИ КОНТРОЛНИ НОМЕРА
Koha biblionumber 185489
Koha biblioitemnumber 185489
Наличности
Код за отписване Код за изгубен артикул Източник на класификационната схема Код за повреда Коз за рестрикции Код за отдаване Артикулен № Име на библиотеката - собственик Име на библиотеката, в която се намира в момента Статус (Текущо местоположение) Дата на вписване в системата Местоположение - отдел Цена в лева Инвентарен номер Систематично азбучна сигнатура Баркод Номер на екземпляра Цена в евро Служебна бележка Служебен тип на артикула
  Не е изгубен Universal Decimal Classification Не е повреден само за читалня ползва се в читалня 321548 Регионална библиотека "Любен Каравелов" Русе Регионална библиотека "Любен Каравелов" Русе Хранилище 1979-01-01 Хранилище 3.16 295259 Цб 101395 120000295259 1 1.62 N: стар фонд Дата: 01.01.1979 Книги
Изтеглен Не е изгубен Universal Decimal Classification Не е повреден без рестрикции заемане за дома 321549 Регионална библиотека "Любен Каравелов" Русе Регионална библиотека "Любен Каравелов" Русе Заемна - подръчен фонд 1979-01-01 Заемна - подръчен фонд 3.16 296200 П 39/Е 94 296200 2 1.62 N: стар фонд Дата: 01.01.1979 Дата инв: 08.02.2018 Бележки инв: П2018 Книги
Vip Innovations Ltd, Rousse, Bulgaria 2025